| 000 | 00399nam a2200145Ia 4500 | ||
|---|---|---|---|
| 008 | 231129s2008||||xx |||||||||||||| ||spa|| | ||
| 020 | _a978-958-44-2833-2 | ||
| 040 | _bspa | ||
| 082 | _aCo863.6 M385f | ||
| 100 | _aMartínez Fabio | ||
| 245 | 0 | _aEl fantasma de Ingrid Balanta | |
| 260 | _c2008 | ||
| 264 | _aCaza de Libros; Pijao Editores | ||
| 942 |
_2ddc _cBKS |
||
| 999 |
_c11071 _d11071 |
||